[Event "Kazakhstan Cup Open 2020"]
[Site "Almaty"]
[Date "2020.12.11"]
[Round "1.1"]
[White "Kostenko, Petr"]
[Black "Ibrayev, Nurlan"]
[Result "1-0"]
[WhiteElo "2429"]
[BlackElo "2395"]
[Annotator "TA"]
[PlyCount "105"]
[EventDate "2020.12.01"]
[EventType "tourn"]
[EventCountry "KAZ"]
[SourceTitle "playchess.com"]
[Source "ChessBase"]
[SourceQuality "1"]

{[%evp 23,105,22,45,0,20,16,10,31,18,-33,-43,-52,-21,-51,29,22,121,129,125,104,184,132,175,174,185,173,180,174,187,182,181,175,185,166,200,161,200,200,210,211,220,216,208,212,197,210,235,235,270,260,234,186,192,206,267,235,311,298,306,306,291,297,355,354,496,481,433,400,727,648,754,625,690,697,885,868,1465,1380,2883,3015,29978,29979,29977,12847]} 1. e4 c5 2. Nf3 d6 3. d4 cxd4 4. Nxd4 Nf6 5. Nc3 a6 6. Be3 e5 7. Nb3 Be6 8. f3 Be7 9. Qd2 O-O 10. O-O-O Nbd7 11. g4 b5 {[%cal Bb7b5,Bb5b4][%mdl 32]} 12. g5 Nh5 {Nowadays more popular than 12...b4.} 13. Rg1 {B90: Sicilian Najdorf: Unusual White 6th moves, 6 Be3 Ng4 and 6 Be3 e5.} b4 14. Nd5 Bxd5 15. Qxd5 {The position is equal.} a5 $1 16. Bh3 (16. Kb1 $11) 16... a4 $15 17. Nd2 {[#]} b3 $146 ({Predecessor:} 17... Nb6 18. Qc6 Rb8 19. Nc4 Nxc4 20. Qxc4 g6 21. Kb1 Kg7 22. Bc1 Qb6 23. Bg4 Nf4 24. Bxf4 exf4 {½-½ (45) Szarwacki,D (1867)-Szelc,A (1989) Leba 2007}) 18. axb3 axb3 (18... Nf4 $1 $15 19. Bxf4 exf4) 19. Nxb3 $11 {[#] Strongly threatening Qc6.} Nb6 {White leaves nothing to chance now.} (19... Nc5 $11 {keeps the balance.}) 20. Qc6 $16 Na4 21. Qd7 $36 {[%mdl 2048] White has strong initiative.} Ra6 (21... Nc5 $16 {was worth a try.} 22. Qxd8 Rfxd8) 22. Kb1 (22. Qxd8 $18 Bxd8 23. Bd7) 22... Nf4 23. Qxd8 Rxd8 24. Bf1 Raa8 25. h4 Rdb8 26. Bxf4 exf4 27. Rg4 f6 28. Bc4+ Kh8 29. Rdg1 Nb6 30. Be6 Ra4 31. Rxf4 d5 32. Rfg4 dxe4 33. Rxe4 Rxe4 34. fxe4 fxg5 35. hxg5 g6 36. Na5 Bc5 37. Rg4 Re8 38. Bd5 Be3 39. Nc6 Rf8 40. Rg3 Rf1+ 41. Ka2 Bf4 42. Rg2 Rd1 43. c4 Rd2 (43... Rf1 {might work better.} 44. c5 Nd7) 44. Rxd2 $18 Bxd2 {[%mdl 4096] Endgame KBN-KBN} 45. Nd8 Kg7 (45... Nd7 $142 46. Ne6 h5 47. gxh6 (47. c5 h4 $18) 47... Be3) 46. c5 Nd7 47. Ne6+ Kf7 48. Kb3 Ke7 49. Ka4 Ne5 50. b4 {[%cal Bb2b4,Bb4b5,Bb5b6][%mdl 32]} Nf7 51. b5 Nxg5 52. Nxg5 Bxg5 53. b6 {Weighted Error Value: White=0.17/Black=0.38} 1-0

[Event "Kazakhstan Cup Open 2020"]
[Site "Almaty"]
[Date "2020.12.11"]
[Round "1.2"]
[White "Jumabayev, Rinat"]
[Black "Khusnutdinov, Rustam"]
[Result "1-0"]
[WhiteElo "2654"]
[BlackElo "2491"]
[Annotator "TA"]
[PlyCount "51"]
[EventDate "2020.12.01"]
[EventType "tourn"]
[EventCountry "KAZ"]
[SourceTitle "playchess.com"]
[Source "ChessBase"]
[SourceQuality "1"]

{[%evp 10,51,34,0,0,0,0,0,37,13,72,58,108,103,121,120,145,131,131,117,275,236,242,257,302,233,527,507,497,499,636,590,630,550,486,447,455,452,493,500,479,458,531,512]} 1. d4 Nf6 2. c4 e6 3. Nf3 d5 4. g3 dxc4 5. Bg2 a6 6. Ne5 {[%mdl 1024] White has compensation.} Bb4+ {E04: Open Catalan: 5 Nf3.} 7. Nc3 Nd5 8. Bd2 b5 {The position is equal.} 9. O-O $1 {Nxd5 is the strong threat.} Be7 (9... Bxc3 $11 {keeps the balance.} 10. bxc3 (10. Bxc3 Bb7 $11) 10... O-O) 10. b3 cxb3 11. Qxb3 {[%cal Rc3d5]} c6 12. a4 $1 {[%cal Ra4b5] [#]} b4 $146 ({Predecessor:} 12... Bb7 13. axb5 cxb5 14. Nxb5 O-O 15. Ba5 Qc8 16. Nc7 Ra7 17. Rfc1 Nxc7 18. Rxc7 Bd5 19. Rxc8 Bxb3 20. Rxf8+ Bxf8 21. Rb1 {1-0 (21) Hernandez Leon,A (2241)-Villavicencio Martinez,C (2117) Tenerife 2009}) 13. Nxd5 cxd5 14. Bxb4 O-O $2 {[#]} (14... Bxb4 $16 {might work better.} 15. Qxb4 a5) 15. Bxe7 $1 $18 Qxe7 {[#]} 16. e4 $1 Qb7 17. Qe3 Rd8 $2 (17... Ra7 {was worth a try.} 18. Rfc1 Qa8) 18. Rab1 {White is clearly winning.} Qe7 19. Rfc1 f6 20. Nd3 Qf7 21. Qf4 g5 22. Qc7 Qxc7 23. Rxc7 a5 24. exd5 Na6 {[#]} 25. d6 $1 {[%mdl 512]} Rxd6 26. Rc3 {Black got outplayed after the opening.  Weighted Error Value: White=0.11/Black=0.58} 1-0

[Event "Kazakhstan Cup Open 2020"]
[Site "Almaty"]
[Date "2020.12.11"]
[Round "1.3"]
[White "Utegaliyev, Azamat"]
[Black "Aitbayev, Aslan"]
[Result "1/2-1/2"]
[WhiteElo "2496"]
[BlackElo "2457"]
[Annotator "TA"]
[PlyCount "82"]
[EventDate "2020.12.01"]
[EventType "tourn"]
[EventCountry "KAZ"]
[SourceTitle "playchess.com"]
[Source "ChessBase"]
[SourceQuality "1"]

{[%evp 15,82,29,33,31,35,27,50,39,47,24,35,45,37,28,22,28,35,32,31,0,0,-4,-4,-4,-4,-4,0,0,0,0,0,0,0,0,0,0,0,0,0,0,0,0,0,0,0,0,0,0,0,0,0,0,0,0,0,0,0,0,0,0,0,0,0,0,0,0,0,0,0]} 1. c4 c6 2. d4 d5 3. cxd5 cxd5 4. Nc3 Nf6 5. Bf4 Nc6 6. e3 a6 7. Be2 Bf5 8. Nf3 e6 9. Qb3 {D13: Slav Defence: Exchange variation without ...Bf5.} Bd6 10. Bxd6 ({Don't play} 10. Qxb7 Na5 $11) 10... Qxd6 11. Qxb7 {White is slightly better.} O-O 12. Qb3 ({Avoid the trap} 12. Bxa6 $2 Rab8 $19) 12... Nb4 {[%cal Bc6b4,Bb4c2,Bc2a3][%mdl 32]} 13. O-O Nc2 $1 14. Rac1 {And now Qa4 would win.} Rfb8 15. Qa4 {Strongly threatening Nh4.} Rb4 16. Qa5 $1 Rxb2 17. Nh4 Bg4 {The position is equal.} 18. Nf3 Na3 {[#]} 19. Bd3 $146 ({Predecessor:} 19. Rfe1 Bxf3 20. Bxf3 Nc4 21. Qa4 Nd7 22. Re2 Rb4 23. Qc2 f5 24. Qd3 Rab8 25. Rb1 Rxb1+ 26. Nxb1 {0-1 (45) Mizrahi,I (1827)-Caliskan,S (1645) Prague 2016}) 19... Bxf3 20. gxf3 Qb4 21. Qxb4 Rxb4 22. Nb1 Nxb1 23. Rxb1 Rab8 24. Rxb4 Rxb4 $11 {[%mdl 4096] Endgame KRB-KRN} 25. Rc1 {[#] White wants to mate with Rc8+.} g5 26. Rc8+ Kg7 27. Ra8 Rb2 28. Rxa6 g4 29. Kg2 Rd2 30. Ra3 h5 31. h3 gxh3+ 32. Kxh3 Rxf2 33. Kg3 Rd2 34. Bb1 Ne8 35. Rd3 Re2 36. Rb3 Nd6 37. a4 Nc4 38. Bd3 Ra2 39. Bxc4 dxc4 40. Rb4 c3 41. Rc4 c2 {Weighted Error Value: White=0.01/Black=0.01} 1/2-1/2

[Event "Kazakhstan Cup Open 2020"]
[Site "Almaty"]
[Date "2020.12.11"]
[Round "1.4"]
[White "Ismagambetov, Anuar"]
[Black "Zhalmakhanov, Ramazan"]
[Result "0-1"]
[WhiteElo "2528"]
[BlackElo "2393"]
[Annotator "TA"]
[PlyCount "137"]
[EventDate "2020.12.01"]
[EventType "tourn"]
[EventCountry "KAZ"]
[SourceTitle "playchess.com"]
[Source "ChessBase"]
[SourceQuality "1"]

{[%evp 12,137,-3,-52,-46,-54,-37,-57,-45,-118,-106,-120,-94,-103,-107,-119,-106,-106,-107,-113,-98,-108,-100,-124,-103,-134,-136,-156,-139,-170,-125,-125,-122,-120,-121,-121,-121,-121,-120,-126,-126,-120,-125,-129,-122,-126,-126,-125,-125,-125,-116,-118,-99,-112,-115,-106,-85,-85,-80,-81,-79,-81,-86,-87,-82,-82,-16,-84,-89,-91,0,-86,-85,-152,-105,-212,0,-210,-181,-221,-224,-317,-161,-227,-184,-150,-90,-88,-109,-430,-396,-331,-304,-466,-282,-460,-437,-425,-431,-460,-467,-403,-249,-1468,-1427,-3164,-2791,-29971,-29972,-29972,-29971,-29973,-29974,-29972,-29975,-29975,-29976,-29976,-29974,-29974,-12842,-12847,-12845,-12845,-12846,-29978,-29978,-29980]} 1. e4 c5 2. c3 Nf6 3. e5 Nd5 4. Nf3 Nc6 5. d4 cxd4 6. cxd4 d6 7. a3 g6 {B22: Sicilian: 2 c3.} 8. Bc4 Nb6 9. Ba2 Bg7 {[%cal Rd6e5] [#] Black is slightly better.} 10. Qe2 $146 ({Better is} 10. exd6 $15 Qxd6 11. Be3) ({Predecessor:} 10. Ng5 O-O 11. e6 fxe6 12. Bxe6+ Kh8 13. d5 Nd4 14. Be3 Nxe6 15. dxe6 Kg8 16. Nc3 {0-1 (23) Nielsen,R (2337)-Narayanan,S (2549) Sandavagur 2018}) 10... dxe5 $17 11. dxe5 Bf5 12. Nc3 Bd3 $1 {[%cal Rd3e2]} 13. Qe3 Nc4 14. Bxc4 Bxc4 15. Qc5 Qd3 16. Bf4 {Strongly threatening Rd1.} Ba6 17. Rd1 Qf5 18. Qe3 O-O $1 19. Qe4 Qe6 20. b4 {aiming for b5.} Rad8 21. Rxd8 Rxd8 22. b5 Qb3 23. O-O Bxb5 ({And not} 23... Qxc3 24. bxa6 bxa6 25. Rc1 $14) 24. Nxb5 Qxb5 25. Rb1 Qd3 26. Qxd3 Rxd3 27. Kf1 Rd7 28. Ke2 h6 29. h4 Kf8 30. Ke3 Ke8 31. Ke4 Kd8 32. g4 Kc8 33. h5 g5 34. Be3 e6 35. Rc1 Kd8 36. Rb1 a6 37. a4 Kc8 38. Rc1 Rd5 (38... Kb8 $17) 39. Rc5 (39. Nd4 $1 $11 {keeps the balance.}) 39... Rxc5 40. Bxc5 {[%mdl 4096] Endgame KBN-KBN} b5 41. axb5 axb5 42. Ba3 (42. Bd6 $142) 42... Kb7 43. Bb2 (43. Bd6 $17) 43... Nb4 $2 ({Black should try} 43... Kb6 $19 44. Nd2 Ka5) 44. Nd2 $2 (44. Bc1 $1 $11 {and White is okay.}) 44... Nd5 45. Nb3 Kc6 46. Kd4 {[#]} (46. Bd4 $142) 46... Bf8 (46... Nf6 $142 $1 {[%mdl 512]} 47. f3 (47. exf6 Bxf6+) 47... Nd7) 47. f3 (47. Na5+ $142 Kb6 48. Nb3) 47... Bb4 48. Kd3 Be1 (48... Nf4+ $142 49. Ke4 Bf8) 49. Nd4+ Kc5 50. Nb3+ $2 {[%mdl 8192] Loses the game.} (50. Ne2 $17) 50... Kb4 $19 51. Nd4 Nf4+ 52. Ke4 (52. Kc2 {is the only way for White.} Kc5 53. Nb3+ Kc4 54. Ba3) 52... Kc4 {And now ...b4 would win.} 53. Nc6 $2 (53. Bc1 {was the only defense.} Nd5 54. f4 gxf4 55. Nc6) 53... b4 54. Na5+ Kb5 55. Nb3 Bc3 56. Bc1 Ne2 57. f4 $2 (57. Be3) 57... Nxc1 58. Nxc1 {KB-KN} Bd2 59. fxg5 Bxg5 ({Wrong is} 59... Bxc1 $2 60. g6 $18) 60. Nd3 Kc4 61. Nb2+ {Cut Off at move 61} Kb3 62. Nd3 Kc3 63. Nc5 b3 64. Na4+ Kb4 65. Nb2 Bc1 (65... Ka3 $142 66. Nd1 b2 67. Nc3 {[#]} f5+ $1 {[%mdl 512]} 68. gxf5 exf5+ 69. Kxf5 Kb3 70. Nb1 Kc2 71. Na3+ Kc1 72. Ke6 Bd2 73. Nb5 b1=Q 74. Nd6 Qb3+ 75. Kf6 Qf3+ 76. Ke6 Qh3+ 77. Kd5 Bb4 78. Kc6 Qf3+ 79. Kb5 Bxd6 80. exd6 Qd5+ {[%mdl 64] Double Attack} 81. Ka6 Qxd6+ 82. Ka7 Kc2 83. Ka8 Qd7 84. Kb8 Kc3 85. Ka8 Kb4 86. Kb8 Kc5 87. Ka8 Kc6 88. Kb8 Qb7#) 66. g5 Bxg5 67. Kd3 Ka3 68. Nc4+ Ka2 69. Kd4 {Weighted Error Value: White=0.64/Black=0.24} 0-1

[Event "Kazakhstan Cup Open 2020"]
[Site "Almaty"]
[Date "2020.12.11"]
[Round "1.5"]
[White "Agmanov, Zhandos"]
[Black "Kazhgaleyev, Murtas"]
[Result "0-1"]
[WhiteElo "2407"]
[BlackElo "2569"]
[Annotator "TA"]
[PlyCount "82"]
[EventDate "2020.12.01"]
[EventType "tourn"]
[EventCountry "KAZ"]
[SourceTitle "playchess.com"]
[Source "ChessBase"]
[SourceQuality "1"]

{[%evp 20,82,0,0,31,-11,-27,-12,-33,-36,-29,-50,-43,-61,-45,-79,-64,-102,-46,-59,-46,-139,-79,-154,-107,-117,-118,-120,-103,-104,-112,-110,-97,-124,-95,-137,-106,-151,-116,-170,-170,-195,-195,-181,-197,-194,-206,-233,-232,-323,-313,-323,-311,-337,-325,-912,-925,-1021,-1011,-29986,-29987,-29991,-29992,-29997,-29998]} 1. e4 e6 2. d4 d5 3. Nc3 Bb4 4. e5 c5 5. a3 Bxc3+ 6. bxc3 Qc7 7. h4 Ne7 8. h5 h6 9. Rb1 Nbc6 10. Nf3 Bd7 11. Rh4 O-O-O {[#] C19: French: 3 Nc3 Bb4: Main line: 7 Nf3 and 7 a4.} 12. Rg4 $146 ({Predecessor:} 12. dxc5 f6 13. exf6 gxf6 14. Bb5 e5 15. Qe2 Rdg8 16. Kf1 Rg4 17. Qd2 Qd8 18. Be2 Qg8 19. Rxg4 Bxg4 {½-½ (78) Hnydiuk,A (2355)-Kaminski,M (2535) Ksiaz 1998}) 12... g5 13. hxg6 $1 fxg6 {The position is equal.} 14. Rh4 g5 15. Rh1 $1 Rdf8 16. Bb5 a6 17. Bxc6 Nxc6 18. Qd3 cxd4 (18... g4 $17 19. Nh4 Be8) 19. cxd4 $15 Na5 20. Nd2 (20. Bd2 $15) 20... Ba4 ({Better is} 20... g4 21. Bb2 h5) 21. c3 (21. Nb3 $142) 21... Bb5 22. Qg6 Qxc3 23. Bb2 ({Don't blunder} 23. Qxe6+ $2 Kb8 $19) 23... Qd3 {[%csl Gb5][%cal Rd3e2]} 24. Rc1+ Kb8 {[%csl Gb5][%cal Rd3e2]} 25. Qxd3 Bxd3 $40 {[%mdl 128] Black has strong attack.} 26. f3 h5 27. Kf2 h4 28. Ke3 Bg6 29. Bc3 (29. a4 $17 {might work better.}) 29... Nc6 $19 30. Nb3 b6 31. Bd2 Kb7 32. Ke2 Rhg8 33. Bxg5 Bh5 34. Bf6 Rxg2+ 35. Ke3 {[#]} Ne7 $1 {[%mdl 512] ...Nf5+ is the strong threat.} 36. Rb1 {Black should prevent Nc5+.} (36. Bxe7 Rxf3#) 36... Ka8 {And now ...Nf5+ would win.} 37. a4 $2 (37. Kf4) 37... Nf5+ 38. Kf4 Rfg8 {( -> ...Rf2!)} 39. Rxh4 {[#]} Bxf3 $1 {[%mdl 512] Black mates.} 40. Rh8 (40. Kxf3 R8g3+) 40... Rxh8 41. Bxh8 Be2 {Weighted Error Value: White=0.49/Black=0.11} 0-1

[Event "Kazakhstan Cup Open 2020"]
[Site "Almaty"]
[Date "2020.12.11"]
[Round "1.6"]
[White "Makhnev, Denis"]
[Black "Akhmetov, Ayan"]
[Result "1-0"]
[WhiteElo "2486"]
[BlackElo "2438"]
[Annotator "TA"]
[PlyCount "57"]
[EventDate "2020.12.01"]
[EventType "tourn"]
[EventCountry "KAZ"]
[SourceTitle "playchess.com"]
[Source "ChessBase"]
[SourceQuality "1"]

{[%evp 22,57,26,40,40,42,47,45,46,43,57,65,66,54,58,51,48,54,66,56,41,51,59,54,279,279,250,247,331,333,340,339,335,305,334,298,643,299]} 1. d4 Nf6 2. c4 e6 3. g3 Bb4+ 4. Bd2 Be7 5. Bg2 d5 6. Nf3 O-O 7. O-O c6 8. Qc2 Nbd7 9. Bf4 b6 10. Rd1 Bb7 11. Ne5 $1 {11.Ne5 is better than 11.Nc3.} Rc8 12. Nc3 Nxe5 {E08: Closed Catalan: Main Line: 7 Qc2.} 13. dxe5 Nd7 14. cxd5 cxd5 {White is slightly better.} 15. e4 d4 16. Rxd4 {Strongly threatening Qd2.} Qc7 17. Qd1 Nxe5 18. Nb5 $1 {[%cal Rb5c7,Bc3b5,Bb5d4,Bd4b5][%mdl 32]} Qc5 19. a4 {[#]} Rcd8 $146 ({Predecessor:} 19... Bf6 20. Be3 Nc4 21. Rxc4 Qxc4 22. Nd6 Qc7 23. Nxc8 Qxc8 24. Qb3 Qc7 25. Bf4 Be5 26. Rc1 Qb8 27. Be3 Rc8 {½-½ (27) Mchedlishvili,M (2629)-Kulaots,K (2607) Konya 2011}) 20. Rc1 Rxd4 21. Nxd4 Qd6 22. Nb5 $1 $36 {[%cal Rb5d6][%mdl 2048] Black is under pressure.} Qb8 $2 {A mistake that costs the game.} (22... Qxd1+ $14 23. Rxd1 Ng6) 23. Bxe5 $18 Qxe5 24. Rc7 {[%mdl 64] [#] Double Attack} Rd8 25. Qc2 Bc5 26. Rxb7 h5 27. Rxa7 Qg5 28. e5 g6 $2 (28... Qxe5 29. Kf1 h4) 29. Ra8 {Weighted Error Value: White=0.01/Black=0.52} (29. Nd6 $142 Bxd6 30. exd6 Rxd6 {[#]} 31. Qc7 $1 {[%mdl 512]} Rd1+ 32. Bf1) 1-0

[Event "Kazakhstan Cup Open 2020"]
[Site "Almaty"]
[Date "2020.12.12"]
[Round "2.1"]
[White "Ibrayev, Nurlan"]
[Black "Akhmetov, Ayan"]
[Result "0-1"]
[WhiteElo "2395"]
[BlackElo "2438"]
[Annotator "RC"]
[PlyCount "142"]
[EventDate "2020.12.01"]
[EventType "tourn"]
[EventCountry "KAZ"]
[SourceTitle "playchess.com"]
[Source "ChessBase"]
[SourceQuality "1"]
[TimeControl "40/5400+30:1800+30"]

1. d4 {[%emt 0:04:07]} d6 {[%emt 0:00:19]} 2. e4 {[%emt 0:01:00]} Nf6 {[%emt 0:00:17]} 3. Nd2 {[%emt 0:03:23]} e5 {[%emt 0:03:33]} 4. c3 {[%emt 0:00:19]} c6 {[%emt 0:01:57]} 5. Ngf3 {[%emt 0:00:56]} Qc7 {[%emt 0:01:56]} 6. Bd3 {[%emt 0:00:35]} Bg4 {[%emt 0:00:44]} 7. h3 {[%emt 0:00:25]} Bxf3 {[%emt 0:00:17]} 8. Nxf3 {[%emt 0:00:20]} Nbd7 {[%emt 0:00:04]} 9. O-O {[%emt 0:00:18]} Be7 {[%emt 0:02:08]} 10. Re1 {[%emt 0:01:44]} O-O {[%emt 0:01:29]} 11. b3 {[%emt 0:10:22]} Rfe8 {[%emt 0:01:51]} 12. Bb2 {[%emt 0:00:22]} Bf8 {[%emt 0:00:28]} 13. Qc2 {[%emt 0:05:32]} a5 {[%emt 0:02:10]} 14. a3 {[%emt 0:00:36]} g6 {[%emt 0:01:57]} 15. Bf1 {[%emt 0:08:04]} d5 {[%emt 0:08:26]} 16. exd5 {[%emt 0:03:55]} cxd5 {[%emt 0:08:42]} 17. Nxe5 {[%emt 0:01:21]} Nxe5 {[%emt 0:01:19]} 18. dxe5 {[%emt 0:01:29]} Ne4 {[%emt 0:00:21]} 19. Bd3 {[%emt 0:03:54]} Nxf2 {[%emt 0:08:07]} 20. Kxf2 {[%emt 0:01:21]} Bc5+ {[%emt 0:02:04]} 21. Kf3 {[%emt 0:01:29]} Rxe5 {[%emt 0:01:01]} 22. c4 {[%emt 0:01:20]} d4 {[%emt 0:08:28]} 23. Be4 {[%emt 0:45:44]} Qe7 {[%emt 0:04:25]} 24. g3 {[%emt 0:01:35]} Re8 {[%emt 0:01:52]} 25. b4 {[%emt 0:00:42]} axb4 {[%emt 0:12:44]} 26. axb4 {[%emt 0:00:01]} d3 {[%emt 0:02:00]} 27. Qxd3 {[%emt 0:01:55]} Qf6+ {[%emt 0:00:15]} 28. Kg2 {[%emt 0:00:01]} Qf2+ {[%emt 0:00:08]} 29. Kh1 {[%emt 0:00:01]} Qxb2 {[%emt 0:00:26]} 30. bxc5 {[%emt 0:00:37]} Rxe4 {[%emt 0:00:19]} 31. Rxe4 {[%emt 0:00:07]} Qxa1+ {[%emt 0:00:05]} 32. Kg2 {[%emt 0:00:03]} Qb2+ {[%emt 0:00:08]} 33. Kf3 {[%emt 0:00:38]} Qf6+ {[%emt 0:06:20]} 34. Rf4 {[%emt 0:01:11]} Qe5 {[%emt 0:00:33]} 35. h4 {[%emt 0:01:26]} Qxc5 {[%emt 0:02:36]} 36. Qd7 {[%emt 0:00:17]} Re3+ {[%emt 0:06:33]} 37. Kg2 {[%emt 0:00:16]} Re2+ {[%emt 0:00:17]} 38. Kh3 {[%emt 0:00:21]} Re7 {[%emt 0:00:07]} 39. Qd8+ {[%emt 0:01:03]} Kg7 {[%emt 0:00:02]} 40. Qd4+ {[%emt 0:00:27]} Qxd4 {[%emt 0:01:26]} 41. Rxd4 {[%emt 0:30:01]} Rc7 {[%emt 0:31:53]} 42. g4 {[%emt 0:00:00]} Kf6 {[%emt 0:00:00]} 43. Re4 {[%emt 0:00:00]} h6 {[%emt 0:00:00]} 44. Kg3 {[%emt 0:00:00]} Rc6 {[%emt 0:00:00]} 45. Kf3 {[%emt 0:00:00]} Rc5 {[%emt 0:00:00]} 46. Rd4 {[%emt 0:00:00]} Ke6 {[%emt 0:00:00]} 47. Ke3 {[%emt 0:00:00]} f6 {[%emt 0:00:00]} 48. Kd3 {[%emt 0:00:00]} h5 {[%emt 0:00:00]} 49. Ke3 {[%emt 0:00:00]} Ra5 {[%emt 0:00:00]} 50. gxh5 {[%emt 0:00:00]} Rxh5 {[%emt 0:00:00]} 51. Rg4 {[%emt 0:00:00]} Re5+ {[%emt 0:00:00]} 52. Kf3 {[%emt 0:00:00]} Kf7 {[%emt 0:00:00]} 53. Rd4 {[%emt 0:00:00]} Re7 {[%emt 0:00:00]} 54. Rd6 {[%emt 0:00:00]} Kg7 {[%emt 0:00:00]} 55. Rb6 {[%emt 0:00:00]} Rc7 {[%emt 0:00:00]} 56. Kg3 {[%emt 0:00:00]} Rf7 {[%emt 0:00:00]} 57. c5 {[%emt 0:04:00]} Rc7 {[%emt 0:00:12]} 58. Kg4 {[%emt 0:00:28]} Rxc5 {[%emt 0:02:56]} 59. Rxb7+ {[%emt 0:00:06]} Kh6 {[%emt 0:00:05]} 60. Rb8 {[%emt 0:00:26]} f5+ {[%emt 0:00:27]} 61. Kg3 {[%emt 0:02:33]} Rc3+ {[%emt 0:00:09]} 62. Kg2 {[%emt 0:00:32]} Kh5 {[%emt 0:00:12]} 63. Rh8+ {[%emt 0:01:34]} Kg4 {[%emt 0:00:02]} 64. Rh6 {[%emt 0:00:26]} Rc6 {[%emt 0:00:19]} 65. Kf2 {[%emt 0:01:01]} f4 {[%emt 0:00:10]} 66. Kf1 {[%emt 0:00:57]} Kg3 {[%emt 0:00:46]} 67. h5 {[%emt 0:00:16]} Rc1+ {[%emt 0:00:06]} 68. Ke2 {[%emt 0:00:01]} g5 {[%emt 0:00:17]} 69. Rf6 {[%emt 0:00:11]} g4 {[%emt 0:00:46]} 70. h6 {[%emt 0:00:04]} f3+ {[%emt 0:00:06]} 71. Kd2 {[%emt 0:00:05]} Rc7 0-1

[Event "Kazakhstan Cup Open 2020"]
[Site "Almaty"]
[Date "2020.12.12"]
[Round "2.2"]
[White "Kazhgaleyev, Murtas"]
[Black "Makhnev, Denis"]
[Result "1-0"]
[WhiteElo "2569"]
[BlackElo "2486"]
[Annotator "TA"]
[PlyCount "73"]
[EventDate "2020.12.01"]
[EventType "tourn"]
[EventCountry "KAZ"]
[SourceTitle "playchess.com"]
[Source "ChessBase"]
[SourceQuality "1"]

{[%evp 15,73,0,0,0,5,0,16,14,16,16,24,19,8,0,33,23,33,30,45,0,0,0,0,0,0,0,0,0,0,0,0,0,0,0,0,0,0,0,366,366,604,600,557,393,508,510,510,521,520,514,494,509,509,500,6283,6283,5589,5521,29985,29986]} 1. d4 Nf6 2. c4 e6 3. Nc3 Bb4 4. e3 O-O 5. Bd3 c5 6. Nge2 d5 7. cxd5 cxd4 8. exd4 Nxd5 9. Bc2 {E48: Nimzo-Indian: Rubinstein: 5 Bd3 d5 including 6 Ne2, but excluding 6 a3.} Nf6 10. Qd3 b6 {[#]} 11. Bg5 $5 $146 {[%mdl 8] The position is equal. An interesting novelty.} ({Predecessor:} 11. a3 Ba6 12. Qf3 Bxc3+ 13. Nxc3 Nbd7 14. Bg5 Rc8 15. O-O-O Qc7 16. Qg3 Nd5 17. Qxc7 Nxc7 {½-½ (25) Milov,V (2626)-Macieja,B (2542) Batumi 1999}) 11... Nbd7 12. O-O Bb7 13. Rad1 h6 14. Bh4 Be7 15. Rfe1 Re8 16. Nf4 Nf8 17. Bg3 Bd6 18. Nb5 Bb8 19. Bb3 a6 20. Nc3 Bd6 21. h3 b5 22. d5 {[%cal Rd5e6]} e5 23. Ne6 fxe6 24. dxe6 {Black must now prevent e7+.} Be7 {Hoping for ...Qxd3.} 25. Qe3 $36 {[%mdl 2048] White fights for an advantage.} Qc8 26. Bxe5 N8h7 $2 {[%mdl 8192] [#]} (26... Ng6 $11 {and Black is okay.}) 27. Rd7 $1 $18 {[%mdl 512]} Bc5 $2 {[#]} (27... Qc6 28. Qg3 Qxg2+ 29. Qxg2 Bxg2) (27... Nxd7 28. exd7+) 28. Qg3 $1 {[%csl Gd7][%cal Rg3g7][%mdl 512]} Re7 29. Red1 Kf8 30. Rxe7 Bxe7 {[#]} 31. Rd7 $1 {[%mdl 512]} Nxd7 32. exd7 Qxd7 {aiming for ...Nf6.} 33. Qxg7+ {[%mdl 64] Double Attack} Ke8 34. Qxh7 {Threatening mate with Bf7+.} Bf8 (34... Kd8 $142 35. Qh8+ Qe8 36. Qxh6 Qc6) 35. Qg6+ Kd8 36. Be6 Qc6 37. Nd5 {Weighted Error Value: White=0.09/Black=0.69} 1-0